| 000 | 00662nam a2200133Ia 4500 | ||
|---|---|---|---|
| 008 | 160809s9999 xx 000 0 und d | ||
| 100 | _aS.O., Adeniyi. | ||
| 245 | _aAN ASSESSMENT OF THE LEVEL OF INFLUENCE OF FAMILY LIFE AND HIV/AIDS EDUCATION ON KNOWLEDGE, ATTITUDE AND DECISION MAKING AMONG ADOLESCENTS WITH HEARING IMPAIRMENT IN SOME STATES IN NIGERIA | ||
| 245 | _cAdeniyi, S.O. Federal College of Education (Technical) Akoka Oyewumi, A.M. Fakolade, O.A. University of Ibadan. | ||
| 260 | _bInternational Journal of Special Education | ||
| 260 | _c2011 | ||
| 650 | _xSPECIAL EDUCATION | ||
| 856 | _uhttp://www.internationaljournalofspecialed.com/issues.php | ||
| 999 |
_c300421 _d300421 |
||